[Event "Troisdorf op"]
[Site "Troisdorf"]
[Date "2006.10.24"]
[Round "1"]
[White "Haak, Kurt"]
[Black "Bonus, Christian"]
[Result "1-0"]
[WhiteElo "1789"]
[BlackElo "1427"]
[PlyCount "85"]
[EventDate "2006.10.24"]
[EventType "swiss"]
[EventRounds "7"]
[EventCountry "GER"]
[SourceTitle "EXT 2011"]
[Source "ChessBase"]
[SourceDate "2010.11.26"]
[SourceVersion "1"]
[SourceVersionDate "2010.11.26"]
[SourceQuality "1"]

1. Nf3 d5 2. d4 Nf6 3. g3 g6 4. Bg2 Bg7 5. 0-0 e6 6. c4 0-0 7. Nbd2 c6 8. Qc2 Re8 9. Ne5 Nbd7 10. Nxd7 Nxd7 11. Nf3 dxc4 12. Rd1 b5 13. Bf4 Bb7 14. e4 Bxd4 15. Rxd4 c5 16. Rd2 Qe7 17. Rad1 Rad8 18. Bc7 Bxe4 19. Bxd8 Bxc2 20. Bxe7 Bxd1 21. Rxd1 Rxe7 22. Kf1 f6 23. Bh3 Kf7 24. Rd6 f5 25. g4 Nf6 26. Ne5+ Ke8 27. Bg2 Ne4 28. Bxe4 fxe4 29. Ke2 b4 30. Nxc4 Kf7 31. Ke3 Kf6 32. Kxe4 Kg5 33. f3 Rf7 34. b3 Rf4+ 35. Ke3 h5 36. h3 hxg4 37. hxg4 Rf6 38. Rc6 Kh4 39. Rxc5 Kg3 40. Nd2 Rf7 41. Ne4+ Kh4 42. Rc1 Kh3 43. Ng5+ 1-0

[Event "Troisdorf op"]
[Site "Troisdorf"]
[Date "2005.11.15"]
[Round "4.8"]
[White "Haak, Kurt"]
[Black "Dieterle, Robert"]
[Result "0-1"]
[WhiteElo "1802"]
[BlackElo "1796"]
[PlyCount "67"]
[EventDate "2005.10.18"]
[EventType "swiss"]
[EventRounds "7"]
[EventCountry "GER"]
[SourceTitle "EXT 2006"]
[Source "ChessBase"]
[SourceDate "2005.11.24"]
[SourceVersion "1"]
[SourceVersionDate "2005.11.24"]
[SourceQuality "1"]

1. Nf3 d5 2. d4 c5 3. g3 Nf6 4. Bg2 Nc6 5. 0-0 Bg4 6. c3 e6 7. Qa4 Bxf3 8. Bxf3 cxd4 9. cxd4 Qb6 10. Rd1 Be7 11. Nc3 a6 12. Rb1 0-0 13. Bf4 Nd7 14. e4 dxe4 15. Bxe4 Nf6 16. Bf3 Rfd8 17. Be3 Nd5 18. Nxd5 exd5 19. a3 Bf6 20. Rd3 Rac8 21. b4 Bxd4 22. Rxd4 Nxd4 23. Bg4 Rc4 24. Qd1 Qf6 25. Be2 Nxe2+ 26. Qxe2 Rdc8 27. Re1 h6 28. Bc5 Re4 29. Qd2 Rxe1+ 30. Qxe1 b6 31. Be3 d4 32. Bf4 g5 33. Be5 Qe6 34. f4 0-1